[Event "GEO World Cup Final U08"]
[Site "Batumi"]
[Date "2024.07.02"]
[Round "2"]
[White "Szumiec, Jan"]
[Black "Mukhiddinov, Mirzokhid"]
[Result "1-0"]
[WhiteElo "1742"]
[BlackElo "1505"]
[PlyCount "71"]
[EventDate "2024.07.01"]
[EventType "match"]
[EventRounds "5"]
[EventCountry "GEO"]
[SourceTitle "EXT 2025"]
[Source "ChessBase"]
[SourceDate "2024.10.14"]
[SourceVersion "1"]
[SourceVersionDate "2024.10.14"]
[SourceQuality "1"]

1. e4 e5 2. Nf3 d5 3. exd5 Qxd5 4. Nc3 Qe6 5. b3 Bd6 6. Bc4 Qe7 7. Nd5 Qd8 8. Qe2 Bg4 9. Bb2 Bxf3 10. Qxf3 Nh6 11. 0-0-0 0-0 12. g4 c6 13. Ne3 Nd7 14. h4 b5 15. g5 bxc4 16. Nxc4 Bc7 17. gxh6 Qf6 18. Qg4 Nb6 19. hxg7 Rfd8 20. Nxb6 axb6 21. a4 b5 22. axb5 Ra2 23. c3 cxb5 24. Rh3 Qxf2 25. Rf3 Qe2 26. Qf5 Qxf3 27. Qxf3 Bd6 28. Kc2 Ba3 29. Rb1 b4 30. c4 Bxb2 31. Rxb2 Rxd2+ 32. Kxd2 Rxb2+ 33. Ke1 Kxg7 34. c5 Rc2 35. Qg4+ Kf8 36. Qxb4 1-0

[Event "GEO World Cup Final U08"]
[Site "Batumi"]
[Date "2024.07.02"]
[Round "4"]
[White "Szumiec, Jan"]
[Black "Mukhiddinov, Mirzokhid"]
[Result "1-0"]
[WhiteElo "1742"]
[BlackElo "1505"]
[PlyCount "87"]
[EventDate "2024.07.01"]
[EventType "match"]
[EventRounds "5"]
[EventCountry "GEO"]
[SourceTitle "EXT 2025"]
[Source "ChessBase"]
[SourceDate "2024.10.14"]
[SourceVersion "1"]
[SourceVersionDate "2024.10.14"]
[SourceQuality "1"]

1. e4 e5 2. Nf3 Nc6 3. d4 exd4 4. Bc4 Bc5 5. c3 d6 6. cxd4 Bb6 7. Nc3 Bg4 8. d5 Ne5 9. Be2 Bxf3 10. Bxf3 Ne7 11. 0-0 0-0 12. Kh1 f5 13. Be2 f4 14. f3 a6 15. b3 Rf6 16. g3 g5 17. Na4 Ba7 18. Bb2 b5 19. Bxe5 dxe5 20. Nc3 Qd7 21. Re1 Qh3 22. Bf1 Qh5 23. g4 Qh4 24. Re2 h5 25. Rg2 Rh6 26. Qc2 Qh3 27. Rg3 Qh4 28. Rg2 Qh3 29. gxh5 Rxh5 30. Rxg5+ Rxg5 31. Bxh3 Kh8 32. Bg4 Bd4 33. Rd1 Rag8 34. Ne2 Bb6 35. d6 cxd6 36. Rxd6 Rxg4 37. Rxb6 Rc8 38. Qb2 Rg5 39. Re6 Rd8 40. Qc2 Ng6 41. Rxa6 Nh4 42. Rh6+ Kg7 43. Rxh4 Rg6 44. Qc7+ 1-0

[Event "GEO World Cup-B U08"]
[Site "Batumi"]
[Date "2024.06.27"]
[Round "5"]
[White "Dzelnik, Robert"]
[Black "Mukhiddinov, Mirzokhid"]
[Result "1-0"]
[WhiteElo "1464"]
[BlackElo "1567"]
[PlyCount "65"]
[EventDate "2024.06.23"]
[EventType "swiss"]
[EventRounds "7"]
[EventCountry "GEO"]
[SourceTitle "EXT 2025"]
[Source "ChessBase"]
[SourceDate "2024.10.14"]
[SourceVersion "1"]
[SourceVersionDate "2024.10.14"]
[SourceQuality "1"]

1. e4 e5 2. Nf3 Nc6 3. Bb5 a6 4. Ba4 Nf6 5. Nc3 b5 6. Bb3 b4 7. Nd5 Nxe4 8. Qe2 Nc5 9. Nxe5 Nxe5 10. Qxe5+ Ne6 11. 0-0 Bd6 12. Qe4 0-0 13. Nf6+ Qxf6 14. Qxa8 Bxh2+ 15. Kxh2 Qh4+ 16. Kg1 Nd4 17. Re1 Nc6 18. Bd5 Na5 19. Bxf7+ Kh8 20. Re8 Rxe8 21. Bxe8 Qd8 22. Qe4 Bb7 23. Qe2 Qg5 24. f3 Nc6 25. Bxd7 Ne5 26. Bg4 h5 27. d4 Qg6 28. Bxh5 Qxh5 29. Qxe5 Qg6 30. Bg5 Qf7 31. Kf2 Qc4 32. Rh1+ Kg8 33. Qe8# 1-0